000
00259nam a22001217a 4500
003
SGT
082
_a
823
_b
HAR
100
_a
HARDY THOMAS
245
_a
FAR FROM THE MADDING CROWD
260
_a
U.K
_b
WORDSWORTH PUB
_c
1993
300
_a
423
942
_2
ddc
_c
BK
999
_c
33747
_d
33747